The Media and the cities /
Saved in:
| Other Authors: | , , , |
|---|---|
| Format: | Book |
| Language: | English |
| Published: |
Chicago :
University of Chicago, Center for Policy Study,
1968.
|
| Subjects: | |
| Tags: |
No Tags, Be the first to tag this record!
|
MARC
| LEADER | 00000nam a22000007a 4500 | ||
|---|---|---|---|
| 003 | KE-NaDUL | ||
| 005 | 20230307144301.0 | ||
| 008 | 230307b |||||||| |||| 00| 0 eng d | ||
| 040 | |a DUL |c DUL |d Dwaswala | ||
| 050 | 0 | 0 | |a P92.D35 1968 |
| 245 | 0 | 4 | |a The Media and the cities / |c edited by Charles U. Daly et al. |
| 260 | |a Chicago : |b University of Chicago, Center for Policy Study, |c 1968. | ||
| 300 | |a 90 p. |c 26 cm. | ||
| 650 | 0 | |a Mass media |z United States. |9 117672 | |
| 650 | 0 | |a African Americans |x Social conditions |y 1964-1975. |9 117673 | |
| 650 | 0 | |a Cities and towns |z United States. |9 117674 | |
| 700 | 1 | |a Daly, Charles U. |e Editor |9 117675 | |
| 700 | 1 | |a Bagdikian, Ben H. |e Editor |9 117676 | |
| 700 | 1 | |a Bennett, Lerone |e Editor |9 117677 | |
| 700 | 1 | |a Diamond, Edwin |e Editor |9 117678 | |
| 942 | |2 lcc |c REF |h P92 |i .D35 |m 1968 |6 P0092 D35 | ||
| 952 | |0 0 |1 0 |2 lcc |4 0 |6 P0092 D35 01968 |7 1 |8 REF |9 133361 |a CUI |b CUI |c CUI |d 2023-03-07 |l 0 |o P92.D35 1968 |p CUI02557 |r 2023-03-07 00:00:00 |w 2023-03-07 |x 02557 |y REF | ||
| 999 | |c 217896 |d 217895 | ||